书目信息 |
| 题名: |
召唤教学研究之“魂”
|
|
| 作者: | 朱文辉 著 | |
| 分册: | ||
| 出版信息: | 重庆 西南师范大学出版社 2017 |
|
| 页数: | 178页 | |
| 开本: | 24cm | |
| 丛书名: | 学校教育理论的创新与实践丛书 | |
| 单 册: | ||
| 中图分类: | G420 , G40-059.1 | |
| 科图分类: | ||
| 主题词: | 教学研究 , 教育学--伦理学--研究 | |
| 电子资源: | ||
| ISBN: | 978-7-5621-8245-0 | |
| 000 | 01152oam2 2200277 450 | |
| 001 | 1657 | |
| 005 | 20180522134657.34 | |
| 010 | @a978-7-5621-8245-0@dCNY28.00 | |
| 100 | @a20170619d2017 em y0chiy50 ea | |
| 101 | 0 | @achi |
| 102 | @aCN@b500000 | |
| 105 | @ay z 000yy | |
| 200 | 1 | @a召唤教学研究之“魂”@9zhao huan jiao xue yan jiu zhi “hun ”@e教学伦理性的后现代重建@f朱文辉著 |
| 210 | @a重庆@c西南师范大学出版社@d2017 | |
| 215 | @a178页@d24cm | |
| 225 | 1 | @a学校教育理论的创新与实践丛书@f靳玉乐总主编 |
| 330 | @a本书主要有以下六个部分:第一部分,导论:召唤教学研究之魂;第二部分,教学何以具有伦理性;第三部分,现代性的教学主张及其所遭遇到的伦理困境;第四部分,重建教学伦理属性的路径;第五部分,后现代主义的教学图景及其重建伦理性的努力;第六部分,教学伦理性后现代建构的具体路径。 | |
| 461 | 0 | @12001 @a学校教育理论的创新与实践丛书 |
| 517 | 1 | @a教学伦理性的后现代重建@9jiao xue lun li xing de hou xian dai chong jian |
| 606 | 0 | @a教学研究 |
| 606 | 0 | @a教育学@x伦理学@x研究 |
| 690 | @aG420@v5 | |
| 690 | @aG40-059.1@v5 | |
| 701 | 0 | @a朱文辉@9zhu wen hui@f(1985-)@4著 |
| 801 | 0 | @aCN@b91MARC@c20170619 |
| 905 | @aMuseLib@dG420@e320 | |
| 召唤教学研究之“魂”:教学伦理性的后现代重建/朱文辉著.-重庆:西南师范大学出版社,2017 |
| 178页;24cm.-(学校教育理论的创新与实践丛书/靳玉乐总主编) |
| ISBN 978-7-5621-8245-0:CNY28.00 |
| 本书主要有以下六个部分:第一部分,导论:召唤教学研究之魂;第二部分,教学何以具有伦理性;第三部分,现代性的教学主张及其所遭遇到的伦理困境;第四部分,重建教学伦理属性的路径;第五部分,后现代主义的教学图景及其重建伦理性的努力;第六部分,教学伦理性后现代建构的具体路径。 |
| ● |
| 相关链接 |
|
|
|
|
正题名:召唤教学研究之"魂"
索取号:G420/320
 
预约/预借
| 序号 | 登录号 | 条形码 | 馆藏地/架位号 | 状态 | 备注 |
| 1 | 1105817 | 211058175 | 第一样本阅览室/ [索取号:G420/320] | 在馆 | |
| 2 | 1105818 | 211058184 | 教育系资料室/ [索取号:G420/320] | 在馆 | |
| 3 | 1105819 | 211058193 | 教育系资料室/ [索取号:G420/320] | 在馆 | |
| 4 | 1105820 | 211058200 | 教育系资料室/ [索取号:G420/320] | 在馆 | |
| 5 | 1105821 | 211058219 | 第四借阅区/ [索取号:G420/320] | 在馆 | |
| 6 | 1105822 | 211058228 | 第四借阅区/ [索取号:G420/320] | 在馆 |